000 00546nam a2200217Ia 4500
003 OSt
005 20220924143240.0
006 a|||||r|||| 00| 0
007 ta
008 220923b |||||||| |||| 00| 0 urd d
024 _a307401
037 _cTextual
040 _aARTS
_cARTS
_burd
041 _2urd
_aurd
082 _aO168,1:gw,M5, L2
100 _aKarinuddin Maulvi
_9215181
245 0 _aGuldasta-e-
260 _c1972
942 _hO168,1:gw,M5, L2
_cTEXL
_2CC
999 _c453760
_d453760